00570nam a2200193Ia 4500003000400000005001700004008004100021040000700062041000800069082001600077100002700093245003100120260004800151300000900199650002000208942001300228999001900241952011600260OSt20260318145902.0250729s2008 xx 000 0 und d cAL akan a494.50 KARK aKarnataka Govt9230330 aKannada kasthuri - 8th std aBangalorebKarnataka Text Book Socityc2008 a206p aKannada9230331 2ddccBED c238728d238728 00104070aALbALd2025-07-29eManagement Booksl0o494.50 KARKpBED04047r2025-07-29 16:56:57w2025-07-29yBK